|
|
|
|
| LEADER |
00000nab a2200000uu 4500 |
| 001 |
vtls011517139 |
| 003 |
SK-MaSNL |
| 005 |
20260303181234.0 |
| 008 |
230704|1971 xo |||||||||||||||||slo| |
| 015 |
|
|
|a SNBRB
|
| 035 |
|
|
|a (urnnbn)urn:nbn:sk:snk:ar-001prl
|
| 035 |
|
|
|a (uuid)444afcef-254c-47cd-85d4-4c0a15b8befa
|
| 035 |
|
|
|a urn:nbn:sk:snk-abe6e6
|
| 040 |
|
|
|a SNKBUCL
|b slo
|c SNKBUCL
|e AACR2
|
| 041 |
0 |
|
|a slo
|
| 044 |
|
|
|a xo
|c SK
|
| 100 |
1 |
|
|a Števček, Ján,
|d 1929-1996
|4 ivr
|9 105256
|
| 245 |
1 |
0 |
|a Šest otázok Ladislavovi Ťažkému
|c otázky kládol Ján Števček
|
| 600 |
1 |
7 |
|a Ťažký, Ladislav,
|d 1924-2011
|2 SNKMA
|9 237806
|
| 700 |
1 |
|
|a Ťažký, Ladislav,
|d 1924-2011
|4 ive
|9 237806
|
| 773 |
0 |
|
|t Slovenské pohľady
|g Roč. 87, č. 9 (1971), s. 63-68
|
| 850 |
|
|
|a Slovenská národná knižnica
|
| 852 |
|
|
|a Slovenská národná knižnica
|
| 954 |
|
|
|a odborná, vedecká literatúra pôvodná (slovenská)
|2 lita
|
| 958 |
|
|
|a OND
|
| 958 |
|
|
|a EUIPO
|
| 958 |
|
|
|a article21
|
| 999 |
|
|
|c 2110285
|d 2112215
|